[Event "4th Lost Boys op"]
[Site "Antwerp BEL"]
[Date "1996.08.03"]
[Round "2"]
[White "Kuijf, Marinus"]
[Black "Lacrosse, Marc"]
[Result "1/2-1/2"]
[WhiteElo "2475"]
[BlackElo "2250"]
[EventDate "1996.08.02"]
[PlyCount "67"]

1.e4 e5 2.Nc3 Nf6 3.g3 d5 4.exd5 Nxd5 5.Bg2 Nxc3 6.bxc3 Bd6 7.d3 O-O 8.Nf3
Nd7 9.O-O Rb8 10.Re1 Re8 11.c4 b6 12.Bb2 Bb7 13.Qd2 h6 14.Re2 Qf6 15.Nh4 
Bxg2 16.Kxg2 Qg5 17.Qe1 Re7 18.Nf3 Qf6 19.Qd2 Rbe8 20.Rae1 Re6 21.Qe3 Bc5 
22.Qd2 Bd6 23.Bc3 a5 24.Nh4 Qg5 25.Qd1 Bb4 26.Nf3 Qe7 27.Qa1 Bxc3 28.Qxc3 
Qb4 29.Qa1 Qc5 30.Kg1 e4 31.Nd4 Re5 32.dxe4 Qxc4 33.f3 f5 34.Qd1 1/2-1/2

[Event "4th Lost Boys op"]
[Site "Antwerp BEL"]
[Date "1996.08.03"]
[Round "2"]
[White "Riemens, Albert"]
[Black "Meulders, Richard"]
[Result "0-1"]
[WhiteElo "2180"]
[BlackElo "2265"]
[EventDate "1996.08.02"]
[PlyCount "58"]

1.e4 c5 2.c3 d5 3.exd5 Qxd5 4.d4 e6 5.Nf3 Nc6 6.Na3 Nf6 7.Be3 cxd4 8.Nb5 
Qd8 9.Nbxd4 Nd5 10.Bg5 f6 11.Bh4 Be7 12.Bb5 Bd7 13.O-O Nxd4 14.Nxd4 Nc7 
15.Re1 Nxb5 16.Nxb5 Qb6 17.Nd4 e5 18.Qh5+ g6 19.Qh6 O-O-O 20.Qg7 Rhe8 21.
Qf7 g5 22.Bg3 h5 23.h4 gxh4 24.Bxh4 Bc5 25.Nb3 Be6 26.Qxf6 Rf8 27.Qxe5 
Bxf2+ 28.Bxf2 Qxf2+ 29.Kh1 Bd5 0-1

[Event "4th Lost Boys op"]
[Site "Antwerp BEL"]
[Date "1996.08.04"]
[Round "3.1"]
[White "Sokolov, Ivan"]
[Black "Polaczek, Richard"]
[Result "1-0"]
[WhiteElo "2670"]
[BlackElo "2420"]
[EventDate "1996.08.02"]
[PlyCount "81"]

1.d4 Nf6 2.c4 e6 3.Nc3 Bb4 4.Qc2 O-O 5.e4 d5 6.e5 Ne4 7.a3 Bxc3+ 8.bxc3 c5
9.Bd3 cxd4 10.cxd5 exd5 11.cxd4 f6 12.exf6 Qxf6 13.Be3 Nc6 14.Ne2 Bf5 15.
O-O Nd6 16.Nf4 Bxd3 17.Qxd3 Qf7 18.Rac1 Rad8 19.Rc5 Nf5 20.g3 Rd6 21.Rfc1 
Nxe3 22.Qxe3 Re8 23.Qd3 Re4 24.Rxd5 Rxd5 25.Qxe4 Rxd4 26.Qe3 Rd8 27.h4 Re8
28.Qc5 Re5 29.Qc3 Re7 30.h5 Rd7 31.Kg2 Re7 32.Rb1 Qf5 33.Rd1 Qf7 34.h6 
gxh6 35.Rd6 Rd7 36.Rxh6 Qg7 37.Qc4+ Qf7 38.Ne6 Rd4 39.Qc5 Rg4 40.Ng5 Qc4 
41.Qf5 1-0

[Event "4th Lost Boys op"]
[Site "Antwerp BEL"]
[Date "1996.08.04"]
[Round "3.4"]
[White "Van den Doel, Erik"]
[Black "Ye Rongguang"]
[Result "1/2-1/2"]
[WhiteElo "2440"]
[BlackElo "2490"]
[EventDate "1996.08.02"]
[PlyCount "45"]

1.e4 e5 2.Nf3 Nf6 3.Nxe5 d6 4.Nf3 Nxe4 5.d4 d5 6.Bd3 Nc6 7.O-O Be7 8.c4 
Nb4 9.Be2 O-O 10.Nc3 Be6 11.Be3 Bf6 12.a3 Nxc3 13.bxc3 Nc6 14.cxd5 Bxd5 
15.Qc2 Re8 16.Rfd1 Na5 17.c4 Be4 18.Qa4 b6 19.Ra2 Bc6 20.Qb4 Be7 21.Qc3 
Bf6 22.Qb4 Be7 23.Qc3 1/2-1/2

[Event "4th Lost Boys op"]
[Site "Antwerp BEL"]
[Date "1996.08.04"]
[Round "3.5"]
[White "Miezis, Normunds"]
[Black "Van Beers, Eddy"]
[Result "1-0"]
[WhiteElo "2530"]
[BlackElo "2275"]
[EventDate "1996.08.02"]
[PlyCount "75"]

1.c4 Nf6 2.Nc3 c5 3.e4 e6 4.e5 Ng8 5.d4 cxd4 6.Qxd4 Nc6 7.Qe4 d6 8.Nf3 
dxe5 9.Nxe5 Nf6 10.Nxc6 Qb6 11.Qf3 bxc6 12.Bd3 Bb7 13.O-O c5 14.Qe2 Be7 
15.b3 O-O 16.Bb2 Rfd8 17.Rad1 Qc6 18.f3 Rd7 19.Nb5 a6 20.Bxf6 gxf6 21.Be4 
Qc8 22.Rxd7 Qxd7 23.Rd1 Qc8 24.Nd6 Bxd6 25.Rxd6 Qc7 26.Bxb7 Qxb7 27.f4 Qe7
28.Qd3 f5 29.h3 a5 30.Rd7 Qf6 31.Qg3+ Kf8 32.Qe3 Rc8 33.Ra7 Qa1+ 34.Kh2 
Qxa2 35.Qc3 Kg8 36.Qg3+ Kf8 37.Qg5 Qd2 38.Qe7+ 1-0

[Event "4th Lost Boys op"]
[Site "Antwerp BEL"]
[Date "1996.08.04"]
[Round "3.6"]
[White "Suba, Mihai"]
[Black "De Vreugt, Dennis"]
[Result "1-0"]
[WhiteElo "2520"]
[BlackElo "2265"]
[EventDate "1996.08.02"]
[PlyCount "47"]

1.c4 c5 2.Nf3 Nf6 3.Nc3 b6 4.e4 d6 5.d4 cxd4 6.Nxd4 Bb7 7.Bd3 Nbd7 8.O-O 
Nc5 9.f3 Nxd3 10.Qxd3 e6 11.b3 a6 12.Bb2 Be7 13.Rad1 O-O 14.f4 b5 15.cxb5 
axb5 16.b4 d5 17.e5 Ne4 18.a3 Nxc3 19.Qxc3 Qd7 20.f5 Rfe8 21.Rd3 Rac8 22.
Qd2 exf5 23.Nxf5 Qe6 24.Rg3 1-0

[Event "4th Lost Boys op"]
[Site "Antwerp BEL"]
[Date "1996.08.04"]
[Round "3.7"]
[White "Visser, Yge"]
[Black "Van der Sterren, Paul"]
[Result "0-1"]
[WhiteElo "2395"]
[BlackElo "2510"]
[EventDate "1996.08.02"]
[PlyCount "65"]

1.e4 e5 2.Nf3 Nc6 3.Bb5 a6 4.Ba4 Nf6 5.O-O Be7 6.Bxc6 dxc6 7.Nc3 Nd7 8.d4 
exd4 9.Qxd4 O-O 10.Bf4 Nc5 11.Qe3 Ne6 12.Rad1 Qe8 13.Bg3 Bc5 14.Qc1 f6 15.
Kh1 Qf7 16.Rd3 a5 17.Nh4 b5 18.f4 Bb6 19.Bf2 b4 20.Na4 Ba6 21.f5 Ng5 22.
Nxb6 cxb6 23.e5 Bxd3 24.e6 Qe7 25.cxd3 c5 26.Qc4 Rfd8 27.Be3 Rd6 28.Qg4 
Rf8 29.Bxg5 fxg5 30.Nf3 Rxd3 31.Nxg5 Rd4 32.Qh5 g6 33.Qxg6+ 0-1

[Event "4th Lost Boys op"]
[Site "Antwerp BEL"]
[Date "1996.08.04"]
[Round "3.8"]
[White "Giddins, Stephen"]
[Black "Barsov, Alexei"]
[Result "1/2-1/2"]
[WhiteElo "2345"]
[BlackElo "2475"]
[EventDate "1996.08.02"]
[PlyCount "45"]

1.d4 e6 2.c4 Nf6 3.Nc3 Bb4 4.e3 O-O 5.Bd3 d5 6.Nf3 c5 7.O-O Nbd7 8.a3 Bxc3
9.bxc3 dxc4 10.Bxc4 b6 11.Bd3 Bb7 12.Re1 Be4 13.Bf1 Qc7 14.Nd2 Bb7 15.Bb2 
Rad8 16.e4 Nb8 17.a4 Nc6 18.Nf3 Nd7 19.Bd3 Nde5 20.Nxe5 Nxe5 21.Bf1 Nc6 
22.Qc2 Na5 23.dxc5 1/2-1/2

[Event "4th Lost Boys op"]
[Site "Antwerp BEL"]
[Date "1996.08.04"]
[Round "3.9"]
[White "Wirschell, Taco"]
[Black "Van Wely, Loek"]
[Result "0-1"]
[WhiteElo "2325"]
[BlackElo "2605"]
[EventDate "1996.08.02"]
[PlyCount "80"]

1.e4 c5 2.Nf3 d6 3.d4 cxd4 4.Nxd4 Nf6 5.Nc3 a6 6.Bg5 e6 7.Qe2 h6 8.Bh4 Be7
9.O-O-O Nxe4 10.Bxe7 Nxc3 11.Bxd8 Nxe2+ 12.Nxe2 Kxd8 13.Rxd6+ Ke7 14.Rd2 
b5 15.Nc3 Bb7 16.Bd3 b4 17.Ne4 Nd7 18.Re1 g6 19.Bc4 Nb6 20.Bb3 Rad8 21.
Rxd8 Rxd8 22.Nc5 Bc8 23.Re3 a5 24.c3 Nd5 25.Bxd5 Rxd5 26.cxb4 axb4 27.Nd3 
Rd4 28.Ne5 Kf6 29.g3 g5 30.b3 Bb7 31.Nc4 Bd5 32.Nb2 Be4 33.f3 Bc6 34.Nc4 
Bb5 35.Re4 Rxe4 36.fxe4 Bxc4 37.bxc4 Ke5 38.Kc2 Kd4 39.Kb3 Kc5 40.e5 g4 
0-1

[Event "4th Lost Boys op"]
[Site "Antwerp BEL"]
[Date "1996.08.04"]
[Round "3.10"]
[White "Ljubojevic, Ljubomir"]
[Black "Delemarre, Jop"]
[Result "1/2-1/2"]
[WhiteElo "2595"]
[BlackElo "2360"]
[EventDate "1996.08.02"]
[PlyCount "114"]

1.e4 c6 2.d3 d5 3.Nd2 e5 4.Ngf3 Bd6 5.g3 Nf6 6.Bg2 O-O 7.O-O Re8 8.c3 Bg4 
9.h3 Bh5 10.Re1 Nbd7 11.Qc2 Bf8 12.Nf1 a5 13.Bg5 h6 14.Bxf6 Qxf6 15.Nh4 
dxe4 16.dxe4 g6 17.Ne3 Nc5 18.a4 Red8 19.Nc4 Nd3 20.Re3 Nf4 21.Nf3 Bxf3 
22.Rxf3 Nxh3+ 23.Kh2 Qe6 24.Bxh3 Qxc4 25.Bf1 Qe6 26.b3 Qg4 27.Be2 Qg5 28.
Rd1 Rxd1 29.Qxd1 Rd8 30.Rd3 Rxd3 31.Qxd3 Bc5 32.Kg2 Qf6 33.Qf3 Kg7 34.
Qxf6+ Kxf6 35.Bg4 Ke7 36.Bc8 b5 37.Kf3 Kd6 38.Ba6 bxa4 39.bxa4 Bb6 40.Bc4 
f5 41.Bd3 Ke6 42.Bc4+ Kf6 43.Bd3 Ke6 44.Bc4+ Kf6 45.Bd3 h5 46.exf5 gxf5 
47.Kg2 Kg5 48.Ba6 Bc7 49.Bb7 c5 50.Bc6 Bd8 51.Be8 Bf6 52.c4 Be7 53.Bf7 Bd6
54.Be8 Be7 55.Bf7 Kg4 56.Bd5 Bd6 57.Bc6 Be7 1/2-1/2

[Event "4th Lost Boys op"]
[Site "Antwerp BEL"]
[Date "1996.08.04"]
[Round "3.11"]
[White "Lobron, Eric"]
[Black "Eliet, Nicolas"]
[Result "1-0"]
[WhiteElo "2585"]
[BlackElo "2380"]
[EventDate "1996.08.02"]
[PlyCount "161"]

1.Nf3 d5 2.d4 Bf5 3.c4 e6 4.Nc3 c6 5.Qb3 Qb6 6.c5 Qc7 7.Bf4 Qc8 8.g3 Nf6 
9.Bg2 h6 10.O-O Nbd7 11.Rfc1 Be7 12.Qd1 O-O 13.b4 a6 14.a4 Ne4 15.Qb3 Bf6 
16.Ne5 Nxc3 17.Qxc3 Nxe5 18.dxe5 Be7 19.Be3 Qd7 20.Qb2 Rfc8 21.Bd4 Rc7 22.
Ra3 Qe8 23.Rb3 Rac8 24.e3 Qf8 25.Qe2 Ra8 26.h4 a5 27.Qb2 axb4 28.Rxb4 Ra7 
29.Qb3 Qa8 30.Bf3 Rd7 31.h5 Bd8 32.g4 Bh7 33.Qa3 Ra5 34.Be2 Be7 35.Bd1 Qd8
36.Qb2 Ra7 37.Bc2 Bxc2 38.Qxc2 Qf8 39.f4 Bd8 40.Kg2 Be7 41.Kh3 Ra5 42.f5 
Bg5 43.Rf1 Qe8 44.Qd1 Ra7 45.Rb2 Ra5 46.Rbf2 Ra8 47.Kg2 Ra7 48.Qc2 Ra8 49.
Rf3 Ra7 50.Bb2 Ra5 51.Bd4 Ra7 52.Rb1 Rd8 53.Rb4 Qd7 54.Qb1 Rb8 55.Rf2 Rc8 
56.Rfb2 Rc7 57.a5 Rxa5 58.Rxb7 Ra8 59.Kh3 Rac8 60.f6 Qd8 61.Rxc7 Rxc7 62.
Rb8 Rc8 63.Rb7 Rc7 64.Qb6 Rc8 65.Qb1 Rc7 66.Qb6 Rc8 67.Re7 Qf8 68.Qb7 gxf6
69.exf6 Re8 70.Qxc6 Rxe7 71.fxe7 Bxe7 72.Qc7 f5 73.Qe5 fxg4+ 74.Kxg4 Kf7 
75.c6 Qg8+ 76.Kf3 Qg1 77.Qg7+ Qxg7 78.Bxg7 Bd6 79.Bxh6 e5 80.Bg5 Bc7 81.
Kg4 1-0

[Event "4th Lost Boys op"]
[Site "Antwerp BEL"]
[Date "1996.08.04"]
[Round "3.13"]
[White "Van der Lijn, Bas"]
[Black "Nijboer, Friso"]
[Result "1/2-1/2"]
[WhiteElo "2190"]
[BlackElo "2525"]
[EventDate "1996.08.02"]
[PlyCount "40"]

1.e4 c5 2.Nf3 e6 3.Nc3 a6 4.g3 b5 5.d4 Bb7 6.Bg2 cxd4 7.Nxd4 Nf6 8.Qe2 d6 
9.Bg5 Be7 10.f4 b4 11.e5 bxc3 12.Bxb7 cxb2 13.Rb1 dxe5 14.Bxa8 Qxd4 15.
Qxe5 Bb4+ 16.Kf1 Qc4+ 17.Kg2 Nbd7 18.Qxb2 Bc3 19.Qa3 Qe2+ 20.Kh3 Qg4+ 
1/2-1/2

[Event "4th Lost Boys op"]
[Site "Antwerp BEL"]
[Date "1996.08.04"]
[Round "3.14"]
[White "Akesson, Ralf"]
[Black "Mohandesi, Shahin"]
[Result "1-0"]
[WhiteElo "2500"]
[BlackElo "2355"]
[EventDate "1996.08.02"]
[PlyCount "75"]

1.d4 Nf6 2.c4 g6 3.Nc3 d5 4.cxd5 Nxd5 5.e4 Nxc3 6.bxc3 Bg7 7.Be3 c5 8.Qd2 
Qa5 9.Rb1 cxd4 10.cxd4 Qxd2+ 11.Kxd2 O-O 12.Nf3 Rd8 13.Bd3 Nc6 14.d5 Na5 
15.Bg5 f6 16.Bf4 b6 17.Ke2 f5 18.exf5 Bxf5 19.Bxf5 gxf5 20.Rhd1 Rac8 21.
Nh4 Rc2+ 22.Kf1 Rxa2 23.Nxf5 Bf6 24.Rb4 Nb7 25.Bc7 Rc8 26.Rg4+ Kf7 27.Bg3 
Rac2 28.Bf4 R2c4 29.Nh6+ Ke8 30.Re1 Kd7 31.g3 Bc3 32.Re2 Nd6 33.Bg5 Rxg4 
34.Rxe7+ Kd8 35.Nxg4 Rc7 36.Re6+ Kd7 37.Bf4 Ne8 38.Rxe8 1-0

[Event "4th Lost Boys op"]
[Site "Antwerp BEL"]
[Date "1996.08.04"]
[Round "3.15"]
[White "Wells, Peter"]
[Black "Claesen, Jeroen"]
[Result "1-0"]
[WhiteElo "2475"]
[BlackElo "2285"]
[EventDate "1996.08.02"]
[PlyCount "78"]

1.d4 Nf6 2.Nf3 c5 3.d5 g6 4.Nc3 d6 5.e4 Bg7 6.Bb5+ Nbd7 7.a4 O-O 8.O-O a6 
9.Be2 Rb8 10.Re1 Ne8 11.a5 b5 12.axb6 Rxb6 13.Nd2 Nc7 14.Nc4 Rb8 15.Na5 
Bb7 16.Bg5 Ba8 17.Qc1 Re8 18.h4 Rb4 19.Nc4 Qb8 20.Bd2 Ne5 21.b3 Nxc4 22.
Bxc4 Rb6 23.h5 Nb5 24.Re3 Qc8 25.Rh3 e6 26.hxg6 fxg6 27.dxe6 Nxc3 28.Bxc3 
Bxc3 29.Rxc3 Bxe4 30.Qg5 Qb7 31.Rd1 Qe7 32.Qf4 Bf5 33.g4 Bxe6 34.Re1 d5 
35.Bxd5 Qf7 36.Qxf7+ Kxf7 37.Rf3+ Kg7 38.Rfe3 Kf6 39.f4 Bf7 1-0

[Event "4th Lost Boys op"]
[Site "Antwerp BEL"]
[Date "1996.08.04"]
[Round "3.16"]
[White "Van Riemsdijk, Herman Claudius"]
[Black "Tondivar, Babak"]
[Result "1/2-1/2"]
[WhiteElo "2425"]
[BlackElo "2305"]
[EventDate "1996.08.02"]
[PlyCount "62"]

1.e4 e6 2.d4 d5 3.Nc3 Bb4 4.e5 c5 5.a3 Ba5 6.b4 cxd4 7.Qg4 Ne7 8.Nb5 Bc7 
9.Qxg7 Rg8 10.Qxh7 a6 11.Nxc7+ Qxc7 12.Ne2 Qxe5 13.Bb2 Qf6 14.f4 Nbc6 15.
O-O-O e5 16.Qd3 Qh6 17.Qd2 f6 18.fxe5 Qxd2+ 19.Rxd2 fxe5 20.Ng3 Be6 21.Rf2
O-O-O 22.Be2 Rg5 23.Rhf1 Kd7 24.Kd1 e4 25.Bc1 e3 26.Rf8 Rxf8 27.Rxf8 Ng6 
28.Rf1 Nge5 29.Rf4 Ng6 30.Rf1 Nge5 31.Rf4 Ng6 1/2-1/2

[Event "4th Lost Boys op"]
[Site "Antwerp BEL"]
[Date "1996.08.04"]
[Round "3.17"]
[White "Donk, Merlijn Silvester"]
[Black "Bosboom, Manuel"]
[Result "1-0"]
[WhiteElo "2315"]
[BlackElo "2410"]
[EventDate "1996.08.02"]
[PlyCount "95"]

1.d4 Nf6 2.c4 c5 3.d5 b5 4.cxb5 a6 5.Nc3 axb5 6.e4 b4 7.Nb5 d6 8.Bf4 g5 9.
Bxg5 Nxe4 10.Bf4 Ba6 11.Bd3 Qa5 12.Qe2 Nd7 13.f3 Bxb5 14.Bxb5 b3+ 15.Kf1 
Nf6 16.Bxd6 Nxd5 17.Be5 f6 18.Bc3 Nxc3 19.bxc3 Bh6 20.Bxd7+ Kxd7 21.Qd1+ 
Kc7 22.Qxb3 Qa6+ 23.Ne2 Rab8 24.Qd5 Rb2 25.Qxc5+ Kb8 26.Qxe7 Rc8 27.Rd1 
Rb7 28.Qe4 f5 29.Qe5+ Ka8 30.f4 Bg7 31.Qe3 Rxc3 32.Qd2 Rbc7 33.h3 Rc2 34.
Qe3 Bf6 35.Kf2 Re7 36.Rd8+ Kb7 37.Qb3+ Qb6+ 38.Qxb6+ Kxb6 39.Rd6+ Kc7 40.
Rxf6 Rexe2+ 41.Kg3 Rxg2+ 42.Kh4 Rxa2 43.Re1 Raf2 44.Re7+ Kd8 45.Rxh7 Rxf4+
46.Kh5 Rg8 47.Ra7 Ke8 48.Rb6 1-0

[Event "4th Lost Boys op"]
[Site "Antwerp BEL"]
[Date "1996.08.04"]
[Round "3.18"]
[White "De Jager, Jaap"]
[Black "Van Mil, Johannes"]
[Result "0-1"]
[WhiteElo "2205"]
[BlackElo "2405"]
[EventDate "1996.08.02"]
[PlyCount "150"]

1.c4 g6 2.e4 Bg7 3.Nc3 c5 4.g3 Nc6 5.Bg2 e6 6.Nge2 d6 7.d3 Nge7 8.Be3 Nd4 
9.Qd2 Nec6 10.O-O O-O 11.Bh6 Rb8 12.Bxg7 Kxg7 13.Nxd4 Nxd4 14.Ne2 Nxe2+ 
15.Qxe2 Qf6 16.Rab1 Qd4 17.b4 cxb4 18.Rxb4 Bd7 19.Rfb1 b6 20.Qb2 Qxb2 21.
R4xb2 Rbc8 22.f4 Rc5 23.Kf2 Rfc8 24.Ke3 Ra5 25.Bf3 Ra3 26.Kd2 e5 27.Rc1 
Ra5 28.Bd1 Rac5 29.Ra1 exf4 30.gxf4 f5 31.Bf3 fxe4 32.Bxe4 Rh5 33.Ke3 Rf8 
34.Rf1 Kf6 35.Kd4 Ke7 36.Rbf2 Rh4 37.Ke3 Rh5 38.Bd5 Be6 39.Bxe6 Kxe6 40.
Ke4 d5+ 41.cxd5+ Rxd5 42.d4 Rfd8 43.Rd2 Rc8 44.Rf3 Kd6 45.Re3 Rf5 46.Rde2 
Rcf8 47.Kd3 R8f7 48.Re6+ Kd7 49.Re8 Rxf4 50.Ra8 Kd6 51.Ree8 Rf3+ 52.Kc4 
Rc7+ 53.Kb5 Rf5+ 54.Kb4 Rff7 55.Re2 Rf4 56.Rd2 g5 57.Rg8 g4 58.a4 Kd5 59.
Rd8+ Ke4 60.Re8+ Kf5 61.Kb5 Kg6 62.Rg8+ Kf7 63.Rd8 Ke7 64.Rg8 Kf7 65.Rd8 
Ke7 66.Rg8 Kf7 67.Rd8 Rf5+ 68.d5 h5 69.Kb4 Rc5 70.d6 a5+ 71.Kb3 Rcd5 72.
Re2 Rf3+ 73.Kc2 Rfd3 74.Re7+ Kf6 75.Rh7 Kg6 0-1

[Event "4th Lost Boys op"]
[Site "Antwerp BEL"]
[Date "1996.08.04"]
[Round "3.20"]
[White "Penson, Thierry"]
[Black "Vaganian, Rafael"]
[Result "0-1"]
[WhiteElo "2270"]
[BlackElo "2595"]
[EventDate "1996.08.02"]
[PlyCount "58"]

1.e4 e6 2.d4 d5 3.Nc3 Bb4 4.exd5 exd5 5.Qf3 Nc6 6.Bb5 a6 7.Bxc6+ bxc6 8.
Ne2 Ne7 9.O-O Bf5 10.Bg5 Bxc2 11.Rac1 Bg6 12.Nf4 O-O 13.Nxg6 hxg6 14.Bxe7 
Qxe7 15.Na4 Rfe8 16.a3 Bd6 17.g3 Qe2 18.Qxe2 Rxe2 19.Rfd1 Rae8 20.Kf1 g5 
21.Rxc6 a5 22.Rcc1 Kf8 23.Rd3 g4 24.Rdd1 f5 25.Rc3 Kf7 26.Rc6 g5 27.Rc3 f4
28.Rcd3 f3 29.R3d2 R2e6 0-1

[Event "4th Lost Boys op"]
[Site "Antwerp BEL"]
[Date "1996.08.04"]
[Round "3"]
[White "Bolzoni, Victor-Angel"]
[Black "Rotsagov, Mihhail"]
[Result "0-1"]
[WhiteElo "2260"]
[BlackElo "2495"]
[EventDate "1996.08.02"]
[PlyCount "86"]

1.e4 c5 2.Nf3 d6 3.Bc4 Nf6 4.Qe2 Nc6 5.h3 e6 6.c3 Nxe4 7.Qxe4 d5 8.Bxd5 
Qxd5 9.d3 Be7 10.Be3 O-O 11.Qxd5 exd5 12.d4 c4 13.Bf4 b5 14.O-O f6 15.Re1 
Kf7 16.Nbd2 Bf5 17.Nf1 Bd3 18.Ne3 Rfd8 19.b4 cxb3 20.axb3 a5 21.Ra2 Rac8 
22.Rd1 Be4 23.Nd2 Bg6 24.Nf3 Be4 25.Nd2 g5 26.Bh2 Bg6 27.Nf3 Rd7 28.c4 
bxc4 29.bxc4 Nb4 30.Rxa5 dxc4 31.h4 gxh4 32.Nxh4 c3 33.Nhf5 Bxf5 34.Rxf5 
c2 35.Nxc2 Rxc2 36.Bf4 Rd5 37.Rxd5 Nxd5 38.Be3 f5 39.Rd3 Rc3 40.Rxc3 Nxc3 
41.f3 Ke6 42.Kh2 Ne2 43.g3 Kd5 0-1

[Event "4th Lost Boys op"]
[Site "Antwerp BEL"]
[Date "1996.08.04"]
[Round "3"]
[White "De Boer, Sybolt"]
[Black "Kuijf, Marinus"]
[Result "0-1"]
[WhiteElo "2240"]
[BlackElo "2475"]
[EventDate "1996.08.02"]
[PlyCount "62"]

1.d4 e6 2.g3 c5 3.Nf3 Nf6 4.Bg2 Nc6 5.O-O Qb6 6.dxc5 Bxc5 7.Nbd2 d5 8.c4 
d4 9.a3 a5 10.Nb3 e5 11.Nxc5 Qxc5 12.e3 O-O 13.b4 Qxc4 14.exd4 exd4 15.b5 
Qxb5 16.Nxd4 Nxd4 17.Qxd4 Be6 18.Be3 a4 19.Rfc1 Rfd8 20.Rc5 Qb3 21.Qh4 
Rd1+ 22.Rxd1 Qxd1+ 23.Bf1 Ng4 24.Rc1 Qd6 25.Bc5 Qd2 26.Rb1 Rc8 27.Qe7 Qc2 
28.Rb5 Qc1 29.Qxb7 Rxc5 30.Rb1 Qc2 31.Rb2 Qc3 0-1

[Event "4th Lost Boys op"]
[Site "Antwerp BEL"]
[Date "1996.08.04"]
[Round "3"]
[White "Dutreeuw, Marc"]
[Black "Maes, Wim"]
[Result "0-1"]
[WhiteElo "2390"]
[BlackElo "2205"]
[EventDate "1996.08.02"]
[PlyCount "118"]

1.e4 c5 2.Nf3 e6 3.d4 cxd4 4.Nxd4 a6 5.Bd3 Nf6 6.O-O d6 7.c4 Be7 8.Nc3 O-O
9.Be3 Qc7 10.Rc1 Nbd7 11.b3 b6 12.Bb1 Bb7 13.Qe2 Rac8 14.Rfd1 Rfe8 15.f3 
Qb8 16.Qf2 Bd8 17.Nde2 Bc7 18.Kh1 Ba8 19.a4 Kh8 20.Rd2 Rg8 21.Qh4 Ne5 22.
Rcd1 Ng6 23.Qh3 Rge8 24.Bg5 Nd7 25.Ng3 Bc6 26.Nh5 Kg8 27.e5 h6 28.exd6 
hxg5 29.dxc7 Qxc7 30.Ne4 Bxe4 31.Bxe4 Ndf8 32.Qg3 f5 33.Bb1 Qxg3 34.Nxg3 
Rc6 35.Ne2 Kf7 36.Nc3 Ne5 37.Kg1 Ke7 38.Kf2 Nfd7 39.Ne2 Rh8 40.h3 Nf6 41.
Nd4 Rc7 42.Re1 Nfd7 43.a5 bxa5 44.Ra2 Kf6 45.Rxa5 Nc5 46.Re3 Rd8 47.Ne2 
Rd2 48.Rc3 Rd1 49.Bc2 Ned3+ 50.Kg3 Rd2 51.Bxd3 Nxd3 52.f4 gxf4+ 53.Nxf4 
Nxf4 54.Kxf4 Rxg2 55.Rxa6 g5+ 56.Kf3 Rh2 57.Kg3 Rd2 58.Ra1 Rh7 59.Rh1 Rh4 
0-1

[Event "4th Lost Boys op"]
[Site "Antwerp BEL"]
[Date "1996.08.04"]
[Round "3"]
[White "Lacrosse, Marc"]
[Black "David, Alberto"]
[Result "0-1"]
[WhiteElo "2250"]
[BlackElo "2435"]
[EventDate "1996.08.02"]
[PlyCount "106"]

1.d4 Nf6 2.c4 g6 3.Nc3 Bg7 4.e4 O-O 5.Nf3 d6 6.Be2 e5 7.dxe5 dxe5 8.Qxd8 
Rxd8 9.Bg5 c6 10.Nxe5 Re8 11.O-O-O Na6 12.Nf3 Nc5 13.Nd2 Ng4 14.Bxg4 Bxg4 
15.f3 Be6 16.Kc2 f5 17.Rhe1 a5 18.Nb3 Na6 19.Nxa5 Nb4+ 20.Kb3 Nxa2 21.exf5
Nxc3 22.bxc3 gxf5 23.Ra1 f4 24.Bxf4 b5 25.Nxc6 Rxa1 26.Rxa1 Bxc4+ 27.Kc2 
Re2+ 28.Kd1 Bxc3 29.Rc1 b4 30.Nxb4 Re1+ 31.Kc2 Rxc1+ 32.Bxc1 Bxb4 33.Bd2 
Bd6 34.f4 Bf1 35.g3 Bc5 36.Kd1 Bg1 37.Ke1 Bh3 38.Ke2 Kf7 39.Kf3 h5 40.Be1 
Ke6 41.Bb4 Kd5 42.Be1 Bc5 43.Ba5 Kd4 44.Be1 Kd3 45.Ba5 Bf5 46.Kg2 Be7 47.
h3 Ke2 48.Kh2 Be4 49.Bb6 Kf3 50.Bd4 Bb4 51.Bf6 Be1 52.Bh4 Bd5 53.f5 Bf7 
0-1

[Event "4th Lost Boys op"]
[Site "Antwerp BEL"]
[Date "1996.08.04"]
[Round "3"]
[White "Lane, Gary"]
[Black "Straat, Evert-Jan"]
[Result "1-0"]
[WhiteElo "2405"]
[BlackElo "2210"]
[EventDate "1996.08.02"]
[PlyCount "103"]

1.e4 e6 2.d4 d5 3.Nd2 Nf6 4.e5 Nfd7 5.c3 c5 6.f4 Nc6 7.Ndf3 Qb6 8.h4 cxd4 
9.cxd4 Bb4+ 10.Kf2 f6 11.Be3 Be7 12.Qd2 Nf8 13.h5 f5 14.Bd3 Bd7 15.Ne2 Na5
16.g4 fxg4 17.Nh2 Bb5 18.Nxg4 Bxd3 19.Qxd3 Rg8 20.b3 O-O-O 21.Nc3 Nc6 22.
Rac1 Kb8 23.Rhg1 Nb4 24.Qe2 Nd7 25.a3 Nc6 26.b4 a6 27.Nh2 g6 28.hxg6 Rxg6 
29.Rxg6 hxg6 30.Nf3 Rh8 31.Qd3 Nf8 32.Rb1 Na7 33.Kg2 Rh5 34.Bd2 Rh7 35.a4 
Bd8 36.b5 a5 37.Rc1 Nc8 38.Be3 Na7 39.Ne2 Nc8 40.Rc5 Na7 41.Bc1 Be7 42.Ba3
Qd8 43.Rc1 Nc8 44.Bxe7 Qxe7 45.Ng5 Rh5 46.Qc3 Nb6 47.Ng3 Rh4 48.Qxa5 Nc4 
49.Rxc4 dxc4 50.b6 Nd7 51.Qa7+ Kc8 52.N5e4 1-0

[Event "4th Lost Boys op"]
[Site "Antwerp BEL"]
[Date "1996.08.04"]
[Round "3"]
[White "Meulders, Richard"]
[Black "Shchekachev, Andrei"]
[Result "0-1"]
[WhiteElo "2265"]
[BlackElo "2560"]
[EventDate "1996.08.02"]
[PlyCount "78"]

1.d4 g6 2.Nf3 Nf6 3.Bf4 Bg7 4.e3 O-O 5.Be2 d6 6.h3 c5 7.O-O Qb6 8.Qc1 Nc6 
9.c3 Be6 10.Nbd2 cxd4 11.exd4 Rac8 12.Re1 Nd5 13.Nc4 Qc7 14.Bh6 b5 15.Bxg7
Kxg7 16.Ncd2 Qb6 17.a3 a5 18.Qd1 Nf6 19.Ng5 Bd5 20.a4 h6 21.axb5 hxg5 22.
bxc6 Qxb2 23.c4 Bxc6 24.d5 Bd7 25.Rxa5 Ra8 26.Rxa8 Rxa8 27.Nf3 Ne4 28.Qd4+
Qxd4 29.Nxd4 Nc5 30.Bg4 f5 31.Bf3 Kf6 32.Nc6 Bxc6 33.dxc6 Nd3 34.Re3 Ne5 
35.c5 dxc5 36.Rc3 c4 37.Bd5 Ra5 38.c7 Rc5 39.g3 e6 0-1

[Event "4th Lost Boys op"]
[Site "Antwerp BEL"]
[Date "1996.08.04"]
[Round "3"]
[White "Schabanel, Stephane"]
[Black "Enklaar, Bertus"]
[Result "0-1"]
[WhiteElo "2230"]
[BlackElo "2390"]
[EventDate "1996.08.02"]
[PlyCount "50"]

1.e4 e5 2.f4 exf4 3.Nc3 Nc6 4.d4 Qh4+ 5.Ke2 b6 6.Nb5 Ba6 7.c4 O-O-O 8.Qa4 
Kb7 9.Bd2 d5 10.exd5 Rxd5 11.Nf3 Qh5 12.Ke1 Bxb5 13.cxb5 Nxd4 14.Nxd4 Qe5+
15.Ne2 Rxd2 16.Kxd2 Qxb2+ 17.Qc2 Bb4+ 18.Kd3 Qe5 19.Nd4 Ne7 20.Qe2 Qc5 21.
Qe4+ Kb8 22.Rd1 Rd8 23.Qxf4 Nf5 24.Ke4 Nxd4 25.Qe5 f5+ 0-1

[Event "4th Lost Boys op"]
[Site "Antwerp BEL"]
[Date "1996.08.05"]
[Round "4.4"]
[White "Van Wely, Loek"]
[Black "Kogan, Artur"]
[Result "1-0"]
[WhiteElo "2605"]
[BlackElo "2475"]
[EventDate "1996.08.02"]
[PlyCount "141"]

1.d4 Nf6 2.c4 b6 3.Nc3 Bb7 4.Nf3 d5 5.cxd5 Nxd5 6.Qc2 g6 7.Nxd5 Qxd5 8.e3 
Nc6 9.Bc4 Qd6 10.Bd2 Bg7 11.Rc1 a6 12.a3 O-O 13.Bd3 Rac8 14.Be4 Nd8 15.
Bxb7 Nxb7 16.Qe4 c6 17.Bb4 Qd5 18.Qxd5 cxd5 19.Kd2 Bf6 20.a4 Rfd8 21.g4 e6
22.g5 Bg7 23.b3 Bf8 24.Bxf8 Kxf8 25.Ne5 Na5 26.Rc3 Rxc3 27.Kxc3 Nc6 28.Ng4
Rc8 29.Kd2 Nb4 30.Rc1 Rxc1 31.Kxc1 Ke7 32.Kd2 Nc6 33.Kd3 Nb8 34.f3 Nd7 35.
b4 Kd6 36.Kc3 a5 37.e4 e5 38.bxa5 bxa5 39.exd5 Kxd5 40.Nxe5 Nb6 41.Kd3 Ke6
42.Nc4 Nxa4 43.Nxa5 Nb6 44.Nc4 Nd5 45.Ne3 Nf4+ 46.Ke4 Nh3 47.d5+ Ke7 48.f4
Nf2+ 49.Kd4 f6 50.h4 Nh3 51.Ke4 Nf2+ 52.Kf3 Nd3 53.Ng4 fxg5 54.hxg5 Nc5 
55.Ke3 Kd6 56.Nf6 Nb3 57.Nxh7 Kxd5 58.Nf8 Nd4 59.Nxg6 Nf5+ 60.Kf3 Ke6 61.
Ne5 Ke7 62.Nc4 Ke6 63.Ne3 Nd6 64.Kg4 Kf7 65.f5 Kg7 66.Kf4 Nf7 67.Nc4 Kg8 
68.g6 Nd8 69.Ne5 Kf8 70.f6 Kg8 71.Ng4 1-0

[Event "4th Lost Boys op"]
[Site "Antwerp BEL"]
[Date "1996.08.05"]
[Round "4.7"]
[White "Ye Rongguang"]
[Black "Giddins, Stephen"]
[Result "1/2-1/2"]
[WhiteElo "2490"]
[BlackElo "2345"]
[EventDate "1996.08.02"]
[PlyCount "72"]

1.d4 e6 2.Nf3 Nf6 3.Bg5 c5 4.e3 Be7 5.Bd3 b6 6.Nbd2 Bb7 7.c3 d5 8.Ne5 Nbd7
9.Qa4 O-O 10.O-O h6 11.Bxf6 Nxf6 12.f4 Qc7 13.Rae1 a6 14.Kh1 b5 15.Qd1 b4 
16.Qf3 Rac8 17.Rc1 bxc3 18.bxc3 cxd4 19.exd4 Qa5 20.Rc2 Rc7 21.g4 Ne4 22.
Nxe4 dxe4 23.Bxe4 Rxc3 24.Rxc3 Bxe4 25.Qxe4 Qxc3 26.f5 exf5 27.gxf5 Bg5 
28.Rd1 Rb8 29.Qd5 Qc7 30.Qc6 Qa5 31.Qc4 Kh7 32.Qxf7 Qa4 33.Qg6+ Kg8 34.
Qe6+ Kh7 35.Qg6+ Kg8 36.Qe6+ Kh7 1/2-1/2

[Event "4th Lost Boys op"]
[Site "Antwerp BEL"]
[Date "1996.08.05"]
[Round "4.8"]
[White "Van Mil, Johannes"]
[Black "Akesson, Ralf"]
[Result "1/2-1/2"]
[WhiteElo "2405"]
[BlackElo "2500"]
[EventDate "1996.08.02"]
[PlyCount "84"]

1.e4 c5 2.c3 e6 3.d4 d5 4.exd5 exd5 5.Be3 cxd4 6.Bxd4 Nc6 7.Nf3 Nxd4 8.
Nxd4 a6 9.g3 Nf6 10.Bg2 Bg4 11.Qb3 Qe7+ 12.Kf1 Qd7 13.Nd2 Be7 14.N2f3 Ne4 
15.Rd1 O-O 16.h3 Be6 17.Ne5 Qd6 18.Bxe4 dxe4 19.Nxe6 Qxe6 20.Qxe6 fxe6 21.
Ke2 Rf5 22.f4 exf3+ 23.Nxf3 Bf6 24.Rd3 Rc8 25.Rhd1 Rb5 26.R1d2 Rc7 27.Re3 
Kf7 28.Re4 Ke7 29.Nd4 Re5 30.Kf3 Rxe4 31.Kxe4 Rc5 32.Re2 Kf7 33.Nf3 h5 34.
Kd3 Rd5+ 35.Ke4 g5 36.Nd2 Rf5 37.Ke3 Bd8 38.Ne4 Bc7 39.Re1 Ke7 40.Rd1 g4 
41.hxg4 hxg4 42.Rh1 Kd7 1/2-1/2